Skład Manchester City 2024/25 - Statystyki

Ogólne statystyki
  • Ten quiz został rozwiązany 759 razy
  • Średni wynik to 17 z 26
Statystyki odpowiedzi
Zawodnik Wiek Pozycja Narodowość Wartość % Poprawnych
Ederson 31 Bramkarz Brazylia 35,00 mln €
97%
Erling Haaland 24 Środkowy napastnik Norwegia 180,00 mln €
90%
Rúben Dias 27 Środkowy obrońca Portugalia 80,00 mln €
89%
Rodri 28 Defensywny pomocnik Hiszpania 130,00 mln €
86%
Josko Gvardiol 22 Lewy obrońca Chorwacja 75,00 mln €
84%
Nathan Aké 29 Środkowy obrońca Holandia 40,00 mln €
84%
Phil Foden 24 Prawy napastnik Anglia 150,00 mln €
84%
Manuel Akanji 29 Środkowy obrońca Szwajcaria 45,00 mln €
83%
Kevin De Bruyne 33 Ofensywny pomocnik Belgia 50,00 mln €
82%
Bernardo Silva 30 Ofensywny pomocnik Portugalia 70,00 mln €
80%
John Stones 30 Środkowy obrońca Anglia 38,00 mln €
80%
Kyle Walker  34 Prawy obrońca Anglia 13,00 mln €
80%
Stefan Ortega 31 Bramkarz Niemcy 9,00 mln €
80%
Jérémy Doku 22 Lewy napastnik Belgia 65,00 mln €
79%
Mateo Kovacic 30 Środkowy pomocnik Chorwacja 30,00 mln €
74%
Jack Grealish 28 Lewy napastnik Anglia 60,00 mln €
69%
Rico Lewis 19 Prawy obrońca Anglia 38,00 mln €
68%
Savinho 20 Prawy napastnik Brazylia 50,00 mln €
64%
Scott Carson 38 Bramkarz Anglia 200 tys. €
64%
Oscar Bobb  21 Prawy napastnik Norwegia 25,00 mln €
55%
João Cancelo 30 Prawy obrońca Portugalia 25,00 mln €
50%
Matheus Nunes 25 Środkowy pomocnik Portugalia 50,00 mln €
50%
James McAtee 21 Środkowy pomocnik Anglia 12,00 mln €
20%
Issa Kaboré 23 Prawy obrońca Burkina Faso 10,00 mln €
18%
Máximo Perrone 21 Defensywny pomocnik Argentyna 9,00 mln €
13%
Josh Wilson-Esbrand 21 Lewy obrońca Anglia 4,00 mln €
9%
Nie znaleziono quizów pasujących do podanych kryteriów
Rozkład punktacji
Procent ludzi z każdym wynikiem
Percentyl według liczby udzielonych odpowiedzi
Twoja historia wyników
Nie rozwiązałeś tego quizu